Foundations of behavioral research (Record no. 9090)

MARC details
000 -LEADER
fixed length control field 00880cam a2200277 4500
001 - CONTROL NUMBER
control field 2188977
003 - CONTROL NUMBER IDENTIFIER
control field OSt
005 - DATE AND TIME OF LATEST TRANSACTION
control field 20240708122021.0
008 - FIXED-LENGTH DATA ELEMENTS--GENERAL INFORMATION
fixed length control field 730503s1973 nyua b 001 0 eng
010 ## - LIBRARY OF CONGRESS CONTROL NUMBER
LC control number 72091751
020 ## - INTERNATIONAL STANDARD BOOK NUMBER
International Standard Book Number 0030854628
040 ## - CATALOGING SOURCE
Transcribing agency MUST
082 00 - DEWEY DECIMAL CLASSIFICATION NUMBER
Classification number 150.72 KER 1964
100 1# - MAIN ENTRY--PERSONAL NAME
Personal name Kerlinger, Fred N.
Fuller form of name (Fred Nichols),
9 (RLIN) 18507
245 10 - TITLE STATEMENT
Title Foundations of behavioral research
Statement of responsibility, etc. [by] Fred N. Kerlinger.
250 ## - EDITION STATEMENT
Edition statement 2d ed.
260 ## - PUBLICATION, DISTRIBUTION, ETC. (IMPRINT)
Place of publication, distribution, etc. New York,
Name of publisher, distributor, etc. Holt, Rinehart and Winston
Date of publication, distribution, etc. 1964
300 ## - PHYSICAL DESCRIPTION
Extent xx, 741 p.
Other physical details illus.
Dimensions 24 cm.
504 ## - BIBLIOGRAPHY, ETC. NOTE
Bibliography, etc Includes bibliographical references.
650 #0 - SUBJECT ADDED ENTRY--TOPICAL TERM
Topical term or geographic name as entry element Psychology
General subdivision Research.
9 (RLIN) 13525
650 #0 - SUBJECT ADDED ENTRY--TOPICAL TERM
Topical term or geographic name as entry element Sociology
General subdivision Research.
9 (RLIN) 18417
650 #0 - SUBJECT ADDED ENTRY--TOPICAL TERM
Topical term or geographic name as entry element Psychology
General subdivision Statistical methods.
9 (RLIN) 18508
650 #0 - SUBJECT ADDED ENTRY--TOPICAL TERM
Topical term or geographic name as entry element Sociology
General subdivision Statistical methods.
9 (RLIN) 18509
906 ## - LOCAL DATA ELEMENT F, LDF (RLIN)
a 7
b cbc
c orignew
d 2
e opcn
f 19
g y-gencatlg
942 ## - ADDED ENTRY ELEMENTS (KOHA)
Source of classification or shelving scheme Dewey Decimal Classification
Koha item type Open Shelf
Holdings
Withdrawn status Lost status Source of classification or shelving scheme Damaged status Not for loan Home library Current library Date acquired Source of acquisition Inventory number Total Checkouts Full call number Barcode Date last seen Price effective from Koha item type
    Dewey Decimal Classification     MUST Main Library MUST Main Library 08/07/2024 Purchase 02/17128   150.72 KER 1964 2024-21815 08/07/2024 08/07/2024 Open Shelf